| 000 | 00682nam a2200229Ia 4500 | ||
|---|---|---|---|
| 003 | BUBTL | ||
| 008 | 151213s9999 xx 000 0 und d | ||
| 020 | _a`984-32-2837-5 | ||
| 082 |
_a515 _bCHE |
||
| 100 | _aFatema Chowdhury Munibur Rahman Chowdhury | ||
| 245 |
_aEssentials of Real Analysis _cFatema Chowdhury Munibur Rahman Chowdhury |
||
| 250 | _a1st | ||
| 260 |
_aDhaka _b® PI Publicatioin _c2010 |
||
| 300 |
_a345p . : _b22cm . _cMathematics . |
||
| 521 | _aIncludes Index . | ||
| 650 | _aMath | ||
| 650 | _aMathematics | ||
| 700 | _aFatema Chowdhury Munibur Rahman Chowdhury | ||
| 856 |
_k0 _l0 _yDownload |
||
| 942 |
_2ddc _cBK |
||
| 999 |
_c4666 _d4666 |
||